Can you name every Roblox Doors Entity? - Statistics

General Stats
  • This quiz has been taken 78 times
    57 since last reset
  • The average score is 31 of 46
Answer Stats
Answers % Correct
Ambush
94%
Rush
94%
Seek
94%
Screech
88%
A-120
82%
A-60
82%
A-90
82%
El Goblino
82%
Guiding Light
82%
Halt
82%
Blitz
76%
Eyes
76%
Figure
76%
Giggle
76%
Glitch
76%
Gloombats
76%
Grumble
76%
Haste
76%
Jack
76%
Jeff
76%
Shadow
76%
Timothy
76%
Bob
71%
Curious Light
71%
Hide
71%
Lookman
71%
Mandrake
71%
Sally
71%
Snare
71%
Dupe
65%
Groundskeeper
65%
Vacuum
65%
Bramble
59%
Louie
59%
Void
59%
Eyestalk
53%
Grampy
53%
Surge
53%
Dread
47%
Monument
47%
Queen Grumble
47%
World Lotus
47%
AR0xMBUSH
29%
Caws
29%
RNIUSHCg==
12%
SCJVEREECH
12%
No matching quizzes found
Score Distribution
Percent of People with Each Score
Percentile by Number Answered
Your Score History
You have not taken this quiz since the last reset